书目信息 |
| 题名: |
番茄优质栽培新技术
|
|
| 作者: | 曹华 主编 | |
| 分册: | ||
| 出版信息: | 北京 金盾出版社 2014 |
|
| 页数: | 261页 | |
| 开本: | 21cm | |
| 丛书名: | 农业科技创新实用技术丛书 | |
| 单 册: | ||
| 中图分类: | S641.2 | |
| 科图分类: | ||
| 主题词: | 番茄--蔬菜园艺 , 番茄 , 蔬菜园艺 | |
| 电子资源: | ||
| ISBN: | 978-7-5082-9058-4 | |
| 000 | 00895nam0 2200277 450 | |
| 001 | 012015000814 | |
| 005 | 20150914162038.34 | |
| 010 | @a978-7-5082-9058-4@dCNY18.00 | |
| 100 | @a20140831d2014 em y0chiy50 ea | |
| 101 | 0 | @achi |
| 102 | @aCN@b110000 | |
| 105 | @aa z 000yy | |
| 106 | @ar | |
| 200 | 1 | @a番茄优质栽培新技术@Afan qie you zhi zai pei xin ji shu@f曹华主编 |
| 210 | @a北京@c金盾出版社@d2014 | |
| 215 | @a261页@c图@d21cm | |
| 225 | 1 | @a农业科技创新实用技术丛书 |
| 330 | @a本书内容包括:番茄的生物学特性及对外界条件的要求,番茄品种分类与优良品种介绍,保护地类型与茬口安排,番茄生产中近期研发推广的新技术等共8章。 | |
| 461 | 0 | @12001 @a农业科技创新实用技术丛书 |
| 606 | 0 | @a番茄@x蔬菜园艺 |
| 606 | 0 | @a番茄 |
| 606 | 0 | @a蔬菜园艺 |
| 690 | @aS641.2@v5 | |
| 701 | 0 | @a曹华@Acao hua@f(1952-)@4主编 |
| 801 | 0 | @aCN@b碧洲教育@c20150718 |
| 905 | @a10447@f4@dS641.2@e327 | |
| 番茄优质栽培新技术/曹华主编.-北京:金盾出版社,2014 |
| 261页:图;21cm.-(农业科技创新实用技术丛书) |
| ISBN 978-7-5082-9058-4:CNY18.00 |
| 本书内容包括:番茄的生物学特性及对外界条件的要求,番茄品种分类与优良品种介绍,保护地类型与茬口安排,番茄生产中近期研发推广的新技术等共8章。 |
| ● |
| 相关链接 |
|
|
|
|
正题名:番茄优质栽培新技术
索取号:S641.2/327
 
预约/预借
| 序号 | 登录号 | 条形码 | 馆藏地/架位号 | 状态 | 备注 |
| 1 | 0847928 | 208479289 | 第二样本阅览室/ [索取号:S641.2/327] | 在馆 | |
| 2 | 0847929 | 208479298 | 第三借阅区/ [索取号:S641.2/327] | 在馆 | |
| 3 | 0847930 | 208479305 | 第三借阅区/ [索取号:S641.2/327] | 在馆 | |
| 4 | 0847931 | 208479314 | 密集书库-生命科学系/ [索取号:S641.2/327] | 在馆 |